| 000 | 00943nam a2200253 i 4500 | ||
|---|---|---|---|
| 001 | 50454 | ||
| 003 | ES-MaACL | ||
| 005 | 20230906162200.0 | ||
| 007 | t| | ||
| 008 | 030804s1946 sp d |||| | spa d | ||
| 080 | _a802.0-3=60 | ||
| 080 | _a806.0-3=20 | ||
| 100 | 1 |
_aCuyás Armengol, Arturo. _9148645 |
|
| 245 | 1 | 0 |
_aGran diccionario inglés-español _b= Great Spanish-English dictionary / _cpor Arturo Cuyás Armengol y Antonio Cuyás Armengol ; con la colaboración de Alberto del Castillo Yurrita. |
| 246 | 3 | 1 | _aGreat Spanish-English dictionary |
| 250 | _a7ª ed. | ||
| 260 |
_aBarcelona : _bHymsa, _c1946 ( _fTalls. grafs. de la S.G. de P.) |
||
| 300 |
_apag. var. ; _c23 cm. |
||
| 650 | 0 | 4 |
_aLengua inglesa- _vDiccionarios- _xEspañol. _914270 |
| 650 | 0 | 4 |
_aLengua española- _vDiccionarios- _xInglés. _914142 |
| 700 | 1 |
_aCuyás Armengol, Antonio. _9148646 |
|
| 700 | 1 |
_aCastillo, Alberto del. _936670 |
|
| 852 |
_aES-MaACL _jL-9605 |
||
| 999 |
_c50454 _d50454 |
||